000 00595nas a2200217 i 4500
001 1955
003 ES-MaACL
005 20250217134439.0
007 t|
008 950801d18681868sp | | 1 ||pa d
080 _a460
245 0 0 _aRevista mensual :
_breligión, política, ciencias, literatura, bellas artes, bibliografía.
260 _aMadrid :
_bTip. Estrada,
_c1868-
300 _a3 v. ;
_c22 cm.
310 _aMensual
362 0 _aT. I (1868)-
650 1 4 _aRevistas de información general.
_916896
852 _aES-MaACL
_jHem-267
866 0 _o1868.
999 _c1955
_d1955